[Event "Sinergia 16 email"]
[Site "Argentina"]
[Date "2001.06.01"]
[Round "3"]
[White "Qazalbash, Catherine"]
[Black "Wilson, Larry"]
[Result "1/2-1/2"]
[WhiteElo "1000"]
[BlackElo "1000"]
[PlyCount "45"]
[EventDate "2001.06.01"]
[EventType "tourn (corr)"]
[EventRounds "6"]
[EventCountry "ARG"]
[SourceTitle "Corr 2006"]
[Source "ChessBase"]
[SourceDate "2006.04.01"]
[SourceVersion "3"]
[SourceVersionDate "2006.04.01"]
[SourceQuality "1"]

1. e4 e5 2. Nf3 Nf6 3. Bc4 Nc6 4. Ng5 d5 5. exd5 Nxd5 6. d4 Be7 7. Nc3 Be6 8. Nxe6 fxe6 9. Nxd5 exd5 10. Bb5 Qd6 11. Qh5+ g6 12. Qh6 0-0-0 13. c3 Bf6 14. dxe5 Nxe5 15. Be2 Rd7 16. Bf4 Re8 17. Qh3 Nd3+ 18. Qxd3 Qxf4 19. 0-0 Be5 20. g3 Qe4 21. Qb5 c6 22. Qd3 Qxd3 23. Bxd3 1/2-1/2

[Event "Sinergia 16 email"]
[Site "Argentina"]
[Date "2001.06.01"]
[Round "2"]
[White "Wilson, Larry"]
[Black "Briceno Ochoa, Jose Antonio"]
[Result "0-1"]
[WhiteElo "1000"]
[BlackElo "1010"]
[PlyCount "32"]
[EventDate "2001.06.01"]
[EventType "tourn (corr)"]
[EventRounds "6"]
[EventCountry "ARG"]
[SourceTitle "Corr 2006"]
[Source "ChessBase"]
[SourceDate "2006.04.01"]
[SourceVersion "3"]
[SourceVersionDate "2006.04.01"]
[SourceQuality "1"]

1. d4 Nf6 2. c4 e5 3. e3 exd4 4. exd4 Bb4+ 5. Bd2 c5 6. Nf3 d5 7. Bxb4 cxb4 8. b3 0-0 9. Be2 Re8 10. 0-0 Bg4 11. Qd3 Nc6 12. Re1 Bxf3 13. Qxf3 Nxd4 14. Qd3 dxc4 15. Qxc4 Nxe2+ 16. Rxe2 Qd1+ 0-1